000 00955cam a22002411i 4500
003 SA-RiAUC
005 20251110082805.0
008 251108s1995 su g 000a0 ara c
040 _aSA-JeALM
_bara
_cSA-RiAUC
_erda
050 4 _b.I26 1995
082 0 4 _a240
090 _a240
_bا ب ن ب
100 1 _aابن باز، عبد العزيز بن عبد الله بن عبد الرحمن،
_d1332-1420 هجري
_eمؤلف.
245 1 2 _aالعقيدة الصحيحة وما يضادها ورسالة المعية /
_cعبد العزيز بن عبد الله بن عبد الرحمن بن باز.
264 1 _aالرياض :
_bدار القاسم
_c1995
300 _a52 صفحة؛
_c18 سم.
336 _aنص
_btxt
_2rdacontent
_3كتاب
337 _aبدون وسيط
_bn
_2rdamedia
338 _aمجلد
_bnc
_2rdacarrier
650 7 _aعلم الكلام
_2aucsh
942 _2ddc
_cBOOK
_n0
949 _aSA-JeALM
_d251108
_umohamedma123
_n1
999 _c13131
_d13131